000
00314nam a22001217a 4500
008
180515b xxu||||| |||| 00| 0 eng d
041
_a
eng
080
_a
043.3
100
_a
0
101
_a
MBE-BA
245
_a
Nderlidhja e Teknologjise Informative me Menaxhimin e Burimeve Njerzore
_c
Qerimi, H
942
_2
udc
_c
BK
999
_c
45825
_d
45825